Banking development and financial management
| Main Author: | |
|---|---|
| Format: | Book |
| Published: |
New Delhi :
Cyber Tech Publications ,
2007
|
| Subjects: |
MARC
| LEADER | 00000cam a2200000 7i4500 | ||
|---|---|---|---|
| 001 | 0000018935 | ||
| 005 | 20080612.0 | ||
| 008 | 080612 | ||
| 020 | |a 8178842629 | ||
| 090 | 0 | 0 | |a 658.15 |b ROH |
| 100 | 1 | |a Rohtagi,Anshu | |
| 245 | 1 | 0 | |a Banking development and financial management |c Anshu Rohtagi |
| 260 | |a New Delhi : |b Cyber Tech Publications , |c 2007 | ||
| 650 | 0 | |a Finance |x management | |
| 999 | |a 0001022789 |b Book |c REFERENCE |e Perbadanan Perpustakaan Awam Johor | ||
| 999 | |a 0001022790 |b Book |c REFERENCE |e Perbadanan Perpustakaan Awam Johor | ||